000 00354 a2200133 4500
999 _c11999
_d11999
003 OSt
005 20240111135232.0
008 240111b ||||| |||| 00| 0 eng d
020 _a978-1864705669
100 _aArchitecton Ltd
245 _aArchitecton: Architecture:
_bAs an ecology of culture
260 _bImages Publishing Dist Ac
_c2014
942 _2ddc